Canadian provinces and territories by area - Statistics

General Stats
  • This quiz has been taken 8 times
  • The average score is 10 of 13
Answer Stats
Answer % Correct
Ontario
100%
Quebec
100%
Northwest Territories
88%
Nunavut
88%
Alberta
75%
Manitoba
75%
Nova Scotia
75%
Prince Edward Island
75%
New Brunswick
63%
Newfoundland and Labrador
63%
Saskatchewan
63%
Yukon
63%
British Colombia
25%
No matching quizzes found
Score Distribution
Percent of People with Each Score
Percentile by Number Answered
Your Score History
You have not taken this quiz